Lingue di Bandiere Combinate - Statistics

Statistiche generali
  • Questo quiz è stato fatto 3.829 volte
  • Il punteggio medio è 12 su 16
Statistiche sulle risposte
con Immagini Risposta % Corretto
Francese
100%
Inglese
99%
Italiano
99%
Spagnolo
99%
Tedesco
99%
Portoghese
98%
Russo
98%
Cinese (Mandarino e Cantonese)
92%
Svedese
90%
Serbocroato
83%
Olandese
65%
Catalano
57%
Swahili
33%
Afrikaans
28%
Tigrino
12%
Tsonga
3%
Nessun quiz corrispondente trovato
Distribuzione punteggi
Percentuale di utenti per punteggio
Percentile per numero di risposta
I tuoi punteggi nel tempo
Non hai fatto questo quiz